Library Banner

Evolutionary psychology and terrorism / (Record no. 91529)

MARC details
000 -LEADER
fixed length control field 00464nam a22001577a 4500
005 - DATE AND TIME OF LATEST TRANSACTION
control field 20170308103352.0
008 - FIXED-LENGTH DATA ELEMENTS--GENERAL INFORMATION
fixed length control field 170308b xxu||||| |||| 00| 0 eng d
020 ## - INTERNATIONAL STANDARD BOOK NUMBER
International Standard Book Number 97811387744582
040 ## - CATALOGING SOURCE
Transcribing agency PK-LaUMT
082 ## - DEWEY DECIMAL CLASSIFICATION NUMBER
Classification number 363.325019
Item number EVO-
245 ## - TITLE STATEMENT
Title Evolutionary psychology and terrorism /
Statement of responsibility, etc edited by Max Taylor, Jason Roach and Ken Pease
260 ## - PUBLICATION, DISTRIBUTION, ETC. (IMPRINT)
Place of publication, distribution, etc London :
Name of publisher, distributor, etc Routledge,
Date of publication, distribution, etc 2016
300 ## - PHYSICAL DESCRIPTION
Extent 190 p.
650 ## - SUBJECT ADDED ENTRY--TOPICAL TERM
Topical term or geographic name as entry element Terrorism-Psychological aspects
942 ## - ADDED ENTRY ELEMENTS (KOHA)
Koha item type Books
Holdings
Withdrawn status Lost status Damaged status Home library Current library Date acquired Full call number Barcode Date last seen Price effective from Koha item type
      UMT Main Campus UMT Main Campus 2017-03-08 363.325019 EVO- 106037 2017-03-08 2017-03-08 Books